La victoria en marcha / (Record no. 71599)

MARC details
000 -LEADER
campo de control de longitud fija 00723nam a2200205 i 4500
001 - NÚMERO DE CONTROL
campo de control 71599
003 - IDENTIFICADOR DE NÚMERO DE CONTROL
campo de control ES-MaACL
005 - FECHA Y HORA DE LA ÚLTIMA TRANSACCIÓN
campo de control 20230906171155.0
007 - CAMPO FIJO DE DESCRIPCIÓN FÍSICA--INFORMACIÓN GENERAL
campo de control de longitud fija t|
008 - DATOS DE LONGITUD FIJA--INFORMACIÓN GENERAL
campo de control de longitud fija 040813s1916 sp ||||1| spa d
100 1# - ENTRADA PRINCIPAL--NOMBRE DE PERSONA
Nombre de persona George, David Lloyd.
9 (RLIN) 56379
245 13 - MENCIÓN DEL TÍTULO
Título La victoria en marcha /
Mención de responsabilidad, etc. por David Lloyd George ; traducido de la recopilación hecha por F.L. Stevenson y Vicente Clavel ; con un prólog de Gabriel Hamotaux.
260 ## - PUBLICACIÓN, DISTRIBUCIÓN, ETC.
Lugar de publicación, distribución, etc. Valencia :
Nombre del editor, distribuidor, etc. [s.n.,
Fecha de publicación, distribución, etc. 1916] (
Fabricante Hijos de F. Vives Mora)
300 ## - DESCRIPCIÓN FÍSICA
Extensión 295 p. ;
Dimensiones 19 cm.
650 04 - PUNTO DE ACCESO ADICIONAL DE MATERIA--TÉRMINO DE MATERIA
Término de materia o nombre geográfico como elemento de entrada Guerra mundial, 1914-1918.
9 (RLIN) 13212
700 1# - ENTRADA AGREGADA--NOMBRE PERSONAL
Nombre de persona Stevenson, F. L.
9 (RLIN) 108166
700 1# - ENTRADA AGREGADA--NOMBRE PERSONAL
Nombre de persona Clavel, Vicente.
9 (RLIN) 39116
700 1# - ENTRADA AGREGADA--NOMBRE PERSONAL
Nombre de persona Hamotaux, Gabriel.
9 (RLIN) 61697
852 ## - LOCALIZACIÓN
Ubicación ES-MaACL
Número de control de estantería F-1167
Holdings
Estatus retirado Estado de pérdida Estado de daño No para préstamo Biblioteca de origen Biblioteca actual Ubicación en estantería Fecha de adquisición Fuente de adquisición Total de préstamos Signatura topográfica completa Código de barras Visto por última vez Precio de reemplazo Tipo de ítem Koha
        Biblioteca del Ateneo de Madrid Biblioteca del Ateneo de Madrid Depósito 2 17/01/2008     F-1167 1074960 23/02/2023 23/02/2023 Libro impreso